000 00811nam a2200253Ia 4500
003 OSt
005 20220923221326.0
006 a|||||r|||| 00| 0
007 ta
008 220922b |||||||| |||| 00| 0 hin d
024 _a197,182
037 _cTextual
040 _aARTS
_cARTS
_bhin
041 _2hin
_ahin
082 _aO152,6N366x, N3
100 _aचाचान, महाबीर
_9156318
245 0 _aमार्क थ्री की गरीबी
246 _aMārka thrī kī garībī
260 _aदिल्ली
_b नटराज प्रका0
_c1993
300 _a103पृ.
_ccm.
650 _aहिन्दी साहित्य
_9156264
942 _hO152,6N366x, N3
_cTEXL
_2CC
999 _c349053
_d349053